BD CHAURASIA'S HB. OF GENERAL ANATOMY (Record no. 33389)

MARC details
000 -LEADER
fixed length control field 00378nam a22001697a 4500
003 - CONTROL NUMBER IDENTIFIER
control field SGT
020 ## - INTERNATIONAL STANDARD BOOK NUMBER
International Standard Book Number 9789354665691
082 ## - DEWEY DECIMAL CLASSIFICATION NUMBER
Classification number 611
Item number B24G
100 ## - MAIN ENTRY--PERSONAL NAME
Personal name GARG, KRISHNA
245 ## - TITLE STATEMENT
Title BD CHAURASIA'S HB. OF GENERAL ANATOMY
250 ## - EDITION STATEMENT
Edition statement 7TH
260 ## - PUBLICATION, DISTRIBUTION, ETC. (IMPRINT)
Place of publication, distribution, etc INDIA
Name of publisher, distributor, etc CBS PUB
Year of Publication 2024
300 ## - PAGE DESCRIPTION
No. of Pages 450
650 ## - SUBJECT ADDED ENTRY--TOPICAL TERM
Topical term or geographic name as entry element HUMAN ANATOMY
653 ## - KEYWORDS--INDEX TERM
Keyword term GENERAL ANATOMY
942 ## - ADDED ENTRY ELEMENTS (KOHA)
Source of classification or shelving scheme Dewey Decimal Classification
Koha item type Books
Holdings
Withdrawn status Lost status Source of classification or shelving scheme Damaged status Not for loan Collection code Home library Current library Shelving location Date acquired Vendor Name Cost, normal purchase price SGTU Bill Number Full call number Accession No. (Barcode) Date last seen Bill Date Koha item type Total Checkouts
    Dewey Decimal Classification   Not For Loan MEDICAL SGT Medical Library SGT Medical Library Text Book 29/11/2025 ABC DELHI 450.00 SGTU 22053 611 B24G FM15755 20/01/2026 29/11/2025 Books  
    Dewey Decimal Classification     MEDICAL SGT Medical Library SGT Medical Library Text Book 29/11/2025 ABC DELHI 450.00 SGTU 22053 611 B24G FM15756 20/01/2026 29/11/2025 Books  
    Dewey Decimal Classification     MEDICAL SGT Medical Library SGT Medical Library Text Book 29/11/2025 ABC DELHI 450.00 SGTU 22053 611 B24G FM15757 20/01/2026 29/11/2025 Books  
    Dewey Decimal Classification     MEDICAL SGT Medical Library SGT Medical Library Text Book 29/11/2025 ABC DELHI 450.00 SGTU 22053 611 B24G FM15758 20/01/2026 29/11/2025 Books  
    Dewey Decimal Classification     MEDICAL SGT Medical Library SGT Medical Library Text Book 29/11/2025 ABC DELHI 450.00 SGTU 22053 611 B24G FM15759 20/01/2026 29/11/2025 Books  
    Dewey Decimal Classification     MEDICAL SGT Medical Library SGT Medical Library Text Book 29/11/2025 ABC DELHI 450.00 SGTU 22053 611 B24G FM15760 20/01/2026 29/11/2025 Books